Random European Countries by Fact - Statistics

General Stats
  • This quiz has been taken 47 times
  • The average score is 8 of 10
Answer Stats
Fact Country % Correct
Being attacked by Russia Ukraine
100%
Has the largest library United Kingdom
100%
Where was Hitler born Austria
95%
Country commonly confused as Holland Netherlands
95%
Country that is bigger than Europe Russia
95%
Happiest country in the world Finland
92%
Country called land of fire and ice Iceland
90%
Most millitary bunkers per capita Albania
54%
Free public transportation Estonia
54%
Largest producer in false teeth Liechtenstein
49%
No matching quizzes found
Score Distribution
Percent of People with Each Score
Percentile by Number Answered
Your Score History
You have not taken this quiz